000 00349nam a2200145Ia 4500
005 20250729165722.0
008 250729s2012 xx 000 0 und d
041 _aeng
082 _a900.7 KANI
100 _aK N A
_9231329
245 _aIthihasa - II
260 _aBangalore
_bSapna Book House
_c2012
300 _a499p
650 _aHistory
_9231330
999 _c239227
_d239227